000 00332nam a2200145 i 4500
001 bg
100 1 _aARFKEN, George
245 0 _aMathematical methods for phisicists /
_cG. Arfken.
260 _aNowy Jork,
_c1968.
040 _cBPK
041 _apol
080 _a51
942 _cKS
008 s pl f |000 0 pol
999 _c11878
_d11878
856 _uhttp://koha.tu.koszalin.pl/cgi-bin/koha/opac-detail.pl?biblionumber=11878
_yKatalog online BPK